| 000 -LEADER |
| fixed length control field |
00591nam a2200133 a 4500 |
| 040 ## - CATALOGING SOURCE |
| Transcribing agency |
DLC |
| 082 00 - DEWEY DECIMAL CLASSIFICATION NUMBER |
| Classification number |
363 MIN 1979 A072 Or. |
| 245 00 - TITLE STATEMENT |
| Title |
1974 population and housing census of Liberia : |
| Remainder of title |
housing characteristics of major areas, Liberia and major administrative divisions HC-1 : data on households by socio-economic characteristics, households by civic amenities, structures by building material and type. |
| 260 ## - PUBLICATION, DISTRIBUTION, ETC. (IMPRINT) |
| Place of publication |
Monrovia, Liberia : |
| Name of publisher |
Ministry of Planning and Economic Affairs, |
| Year of publication |
1979. |
| 300 ## - PHYSICAL DESCRIPTION |
| Number of Pages |
129 p. : |
| Other physical details |
ill. ; |
| Dimensions |
28 cm. |
| 650 #0 - SUBJECT ADDED ENTRY--TOPICAL TERM |
| Topical Term |
Housing |
| 710 1# - ADDED ENTRY--CORPORATE NAME |
| Corporate name or jurisdiction name as entry element |
Liberia. |
| 942 ## - ADDED ENTRY ELEMENTS (KOHA) |
| Koha item type |
សៀវភៅភាសាអង់គ្លេស |
| 952 ## - LOCATION AND ITEM INFORMATION (KOHA) |
| Withdrawn status [LOCAL, KOHA] |
0 |